[Event "Kvika Reykjavik Open 2022"]
[Site "Reykjavik, Iceland"]
[Date "2022.04.09"]
[Round "5.31"]
[White "Sarkar, Justin"]
[Black "Foerster-Yialamas, Lucas"]
[Result "1-0"]
[WhiteElo "2314"]
[BlackElo "2075"]
[PlyCount "125"]
[EventDate "2022.??.??"]

1. d4 {[%eval 3,0]} Nf6 {[%eval 23,0]} 2. c4 {[%eval 2,0]} g6 {[%eval 3,0]} 3.
g3 {[%eval 21,0]} c6 {[%eval 13,0]} 4. Bg2 {[%eval 17,0]} d5 {[%eval 27,0]} 5.
Nf3 {[%eval 15,0]} Bg7 {[%eval 7,0]} 6. b3 {[%eval 2,0]} O-O {[%eval 7,0]} 7.
O-O {[%eval 0,0]} Bf5 {[%eval 32,0]} 8. Bb2 {[%eval 37,0]} Nbd7 {[%eval 24,0]}
9. Nc3 {[%eval 16,0]} Ne4 {[%eval 37,0]} 10. e3 {[%eval 43,0]} Rc8 {[%eval 39,
0]} 11. Nd2 $2 {[%eval 71,0] Mistake. Rc1 was best.} (11. Rc1) 11... Nxc3 {
[%eval 61,0]} 12. Bxc3 {[%eval 45,0]} Nf6 $6 {[%eval 7,0] Inaccuracy. e5 was
best.} (12... e5 13. dxe5 Nxe5 14. Bd4 dxc4 15. Nxc4 Nxc4 16. bxc4 h5 17. h4
Rc7 18. Bxg7 Kxg7 19. Qb3) 13. Rc1 {[%eval 0,0]} Qb6 {[%eval 5,0]} 14. Re1 {
[%eval 28,0]} Rfd8 {[%eval 17,0]} 15. c5 {[%eval 0,0]} Qc7 {[%eval 6,0]} 16. b4
{[%eval 0,0]} Qd7 {[%eval 4,0]} 17. a4 {[%eval 9,0]} h5 {[%eval 2,0]} 18. f3 {
[%eval 0,0]} Bh6 {[%eval 28,0]} 19. Qe2 {[%eval 5,0]} Re8 {[%eval 58,0]} 20.
Qf1 {[%eval 5,0]} g5 {[%eval 73,0]} 21. e4 {[%eval 81,0]} dxe4 $4 {[%eval 269,
0] Blunder. Bg6 was best.} (21... Bg6) 22. fxe4 {[%eval 276,0]} Bg6 $6 {
[%eval 378,0] Inaccuracy. Be6 was best.} (22... Be6 23. Nc4) 23. Nc4 {[%eval
373,0]} g4 {[%eval 455,0]} 24. Rcd1 {[%eval 399,0]} Nh7 $6 {[%eval 505,0]
Inaccuracy. Rcd8 was best.} (24... Rcd8 25. Ne5 Qe6 26. Nxg6 fxg6 27. d5 Qf7
28. b5 Rf8 29. d6 Qe6 30. Qd3 Nd7 31. e5) 25. Ne5 {[%eval 549,0]} Qc7 {[%eval
409,0]} 26. Nxg6 {[%eval 544,0]} fxg6 {[%eval 512,0]} 27. Qc4+ {[%eval 479,0]}
e6 {[%eval 531,0]} 28. d5 {[%eval 547,0]} Ng5 {[%eval 585,0]} 29. d6 {[%eval
532,0]} Qd7 {[%eval 566,0]} 30. Rf1 $6 {[%eval 377,0] Inaccuracy. Bf6 was best.
} (30. Bf6 b6 31. e5 bxc5 32. Qxc5 Rf8 33. Kh1 Nf3 34. Rf1 Bg7 35. Bxf3 gxf3
36. Rxf3 Bxf6) 30... Rf8 {[%eval 357,0]} 31. Bd2 {[%eval 387,0]} Rxf1+ {
[%eval 413,0]} 32. Rxf1 {[%eval 422,0]} Nh3+ {[%eval 421,0]} 33. Bxh3 {[%eval
381,0]} Bxd2 {[%eval 409,0]} 34. Bg2 {[%eval 413,0]} Be3+ {[%eval 433,0]} 35.
Kh1 {[%eval 407,0]} Bg5 {[%eval 406,0]} 36. h4 {[%eval 375,0]} Bh6 $2 {[%eval
698,0] Mistake. gxh3 was best.} (36... gxh3 37. Bxh3) 37. Rf6 {[%eval 687,0]}
Re8 {[%eval 684,0]} 38. Rxg6+ {[%eval 778,0]} Kh7 {[%eval 709,0]} 39. Rf6 {
[%eval 782,0]} Bg7 {[%eval 751,0]} 40. Rf1 $4 {[%eval 209,0] Blunder. e5 was
best.} (40. e5 a5) 40... Be5 {[%eval 278,0]} 41. Qd3 {[%eval 205,0]} Rg8 {
[%eval 262,0]} 42. b5 {[%eval 335,0]} cxb5 {[%eval 319,0]} 43. Qxb5 {[%eval
303,0]} Qxb5 {[%eval 332,0]} 44. axb5 {[%eval 364,0]} Bxg3 $2 {[%eval 585,0]
Mistake. Kg6 was best.} (44... Kg6 45. d7) 45. e5 {[%eval 505,0]} Bxe5 {
[%eval 548,0]} 46. Re1 {[%eval 517,0]} Bxd6 $6 {[%eval 751,0] Inaccuracy. Bg3
was best.} (46... Bg3 47. Rxe6 Rc8 48. c6 bxc6 49. bxc6 a5 50. Bd5 Kg7 51. Kg2
Bf4 52. Re7+ Kg6 53. Rd7) 47. cxd6 {[%eval 706,0]} Kg7 {[%eval 761,0]} 48. Rxe6
{[%eval 714,0]} Kf7 {[%eval 852,0]} 49. Re7+ {[%eval 848,0]} Kf6 {[%eval 859,0]
} 50. Rxb7 {[%eval 837,0]} Ke5 {[%eval 977,0]} 51. d7 {[%eval 1015,0]} Kf4 {
[%eval 1099,0]} 52. Rxa7 {[%eval 1551,0]} Kg3 $6 {[%eval 32750,0] Checkmate is
now unavoidable. Rd8 was best.} (52... Rd8 53. b6) 53. Ra8 {[%eval 32752,0]}
Rg6 {[%eval 32758,0]} 54. d8=B $2 {[%eval 808,0] Lost forced checkmate
sequence. d8=Q was best.} (54. d8=Q Kf4 55. Qe7 Re6 56. Qxe6 Kg3 57. Ra3+ Kxh4
58. Qf6#) 54... Re6 {[%eval 959,0]} 55. Ra3+ {[%eval 889,0]} Kf2 {[%eval 985,0]
} 56. Bc7 {[%eval 904,0]} Re1+ {[%eval 1302,0]} 57. Kh2 {[%eval 894,0]} Rb1 {
[%eval 1204,0]} 58. b6 {[%eval 1428,0]} g3+ $6 {[%eval 32750,0] Checkmate is
now unavoidable. Ke2 was best.} (58... Ke2 59. b7) 59. Bxg3+ {[%eval 32750,0]}
Ke2 {[%eval 32752,0]} 60. b7 {[%eval 32754,0]} Rd1 {[%eval 32758,0]} 61. b8=R {
[%eval 32756,0]} Rd8 {[%eval 32758,0]} 62. Bf3+ {[%eval 32760,0]} Kf1 {[%eval
32764,0]} 63. Ra1+ {[%eval 32766,0]} 1-0

[Event "Kvika Reykjavik Open 2022"]
[Site "Reykjavik, Iceland"]
[Date "2022.04.09"]
[Round "5.32"]
[White "Murphy, Ryan"]
[Black "Bjornsson, Sigurbjorn"]
[Result "0-1"]
[WhiteElo "2051"]
[BlackElo "2306"]
[PlyCount "136"]
[EventDate "2022.??.??"]

1. e4 {[%eval 33,0]} c5 {[%eval 32,0]} 2. Nf3 {[%eval 0,0]} d6 {[%eval 0,0]} 3.
Bb5+ {[%eval 0,0]} Nd7 {[%eval 24,0]} 4. c3 {[%eval 13,0]} a6 {[%eval 34,0]} 5.
Ba4 {[%eval 25,0]} Ngf6 {[%eval 33,0]} 6. Qe2 {[%eval 14,0]} b5 {[%eval 34,0]}
7. Bc2 {[%eval 0,0]} Bb7 {[%eval 19,0]} 8. O-O {[%eval 0,0]} g6 {[%eval 28,0]}
9. d4 {[%eval 32,0]} Bg7 {[%eval 3,0]} 10. e5 {[%eval 26,0]} dxe5 {[%eval 5,0]}
11. dxe5 {[%eval 43,0]} Bxf3 {[%eval 41,0]} 12. gxf3 {[%eval 63,0]} Nh5 {
[%eval 46,0]} 13. e6 {[%eval 32,0]} fxe6 {[%eval 5,0]} 14. a4 {[%eval 6,0]} Rb8
{[%eval 4,0]} 15. axb5 {[%eval 63,0]} axb5 {[%eval 4,0]} 16. Qxe6 {[%eval 15,0]
} Rb6 {[%eval 19,0]} 17. Qh3 {[%eval 0,0]} O-O {[%eval 0,0]} 18. Rd1 {[%eval 1,
0]} Rd6 {[%eval 8,0]} 19. Rxd6 {[%eval 14,0]} exd6 {[%eval 0,0]} 20. Qe6+ {
[%eval 23,0]} Kh8 {[%eval 18,0]} 21. Be4 {[%eval 5,0]} Nb6 {[%eval 29,0]} 22.
Ra6 $2 {[%eval -92,0] Mistake. Bc6 was best.} (22. Bc6 Be5 23. Ra7 Qh4 24. h3
Nf4 25. Bxf4 Qxf4 26. Qe7 Qh6 27. Rb7 Nc4 28. Be4 Bf6) 22... Re8 {[%eval -191,
0]} 23. Qg4 {[%eval -194,0]} d5 {[%eval -142,0]} 24. Bxg6 {[%eval -171,0]} hxg6
{[%eval -181,0]} 25. Qxg6 {[%eval -137,0]} Nf6 {[%eval -155,0]} 26. Bh6 $6 {
[%eval -228,0] Inaccuracy. Bg5 was best.} (26. Bg5) 26... Bxh6 $4 {[%eval -71,
0] Blunder. Rg8 was best.} (26... Rg8 27. Bg5) 27. Qxh6+ {[%eval -28,0]} Kg8 {
[%eval -29,0]} 28. Qg6+ {[%eval -39,0]} Kf8 {[%eval -36,0]} 29. Nd2 $6 {
[%eval -171,0] Inaccuracy. Na3 was best.} (29. Na3 Re6) 29... Nbd7 $6 {[%eval
-66,0] Inaccuracy. Re6 was best.} (29... Re6 30. Ra7) 30. Nf1 {[%eval -88,0]}
Qe7 {[%eval -84,0]} 31. Ng3 {[%eval -62,0]} Qg7 {[%eval -57,0]} 32. Qf5 {
[%eval -69,0]} Qf7 {[%eval -93,0]} 33. Kg2 {[%eval -99,0]} Re5 {[%eval -85,0]}
34. Ra8+ $4 {[%eval -104,0] Blunder. Qf4 was best.} (34. Qf4 Kg8) 34... Kg7 $6
{[%eval -15,0] Inaccuracy. Ke7 was best.} (34... Ke7) 35. Qb1 $4 {[%eval -595,
0] Blunder. Qf4 was best.} (35. Qf4 Nh7) 35... Nh5 {[%eval -422,0]} 36. Ra7 {
[%eval -689,0]} Nf4+ {[%eval -696,0]} 37. Kh1 {[%eval -598,0]} Qe6 {[%eval
-583,0]} 38. Ra1 {[%eval -546,0]} Qh3 {[%eval -408,0]} 39. Qf1 {[%eval -546,0]}
Qxf1+ {[%eval -596,0]} 40. Rxf1 {[%eval -575,0]} Nd3 {[%eval -472,0]} 41. h4 {
[%eval -412,0]} Nf6 {[%eval -495,0]} 42. Kg2 {[%eval -593,0]} Ne1+ {[%eval
-492,0]} 43. Kh3 {[%eval -464,0]} Nxf3 {[%eval -472,0]} 44. Ra1 {[%eval -316,0]
} d4 {[%eval -491,0]} 45. cxd4 {[%eval -303,0]} cxd4 {[%eval -481,0]} 46. Ra7+
{[%eval -446,0]} Kf8 {[%eval -453,0]} 47. Ra8+ {[%eval -497,0]} Kf7 {[%eval
-458,0]} 48. Ra7+ {[%eval -464,0]} Re7 {[%eval -468,0]} 49. Ra3 {[%eval -408,0]
} Ne5 {[%eval -479,0]} 50. Rb3 {[%eval -467,0]} d3 {[%eval -492,0]} 51. Nf1 {
[%eval -496,0]} Rd7 {[%eval -395,0]} 52. Rxb5 {[%eval -399,0]} Nc4 {[%eval
-215,0]} 53. b3 {[%eval -229,0]} d2 {[%eval -226,0]} 54. Nxd2 {[%eval -216,0]}
Nxd2 {[%eval -242,0]} 55. Re5 {[%eval -214,0]} Nde4 {[%eval -262,0]} 56. h5 {
[%eval -235,0]} Nxf2+ {[%eval -248,0]} 57. Kg2 {[%eval -261,0]} Rd2 {[%eval
-254,0]} 58. Kf3 {[%eval -267,0]} N2g4 {[%eval -278,0]} 59. Ra5 {[%eval -247,0]
} Ke6 {[%eval -247,0]} 60. Ra6+ $4 {[%eval -5391,0] Blunder. h6 was best.} (60.
h6) 60... Kf5 {[%eval -491,0]} 61. Ra5+ $6 {[%eval -5384,0] Inaccuracy. Rxf6+
was best.} (61. Rxf6+) 61... Ne5+ {[%eval -5587,0]} 62. Ke3 {[%eval -348,0]}
Rd3+ {[%eval -498,0]} 63. Ke2 {[%eval -354,0]} Rh3 {[%eval -499,0]} 64. h6 $6 {
[%eval -534,0] Inaccuracy. Ra8 was best.} (64. Ra8 Nd5) 64... Kf4 {[%eval -435,
0]} 65. b4 $4 {[%eval -32745,0] Checkmate is now unavoidable. Kd1 was best.} (
65. Kd1 Rh2) 65... Rh2+ {[%eval -32751,0]} 66. Kd1 {[%eval -32751,0]} Ne4 $6 {
[%eval -5607,0] Lost forced checkmate sequence. Nd3 was best.} (66... Nd3 67.
Ra3 Ke3 68. Rxd3+ Kxd3 69. Ke1 Ne4 70. Kf1 Nd2+ 71. Kg1 Nf3+ 72. Kf1 Ke3 73. h7
) 67. h7 $6 {[%eval -32761,0] Checkmate is now unavoidable. Rxe5 was best.} (
67. Rxe5 Kxe5 68. h7 Rxh7 69. Kc2 Rb7 70. Kb3 Kd4 71. Ka4 Kc4 72. Ka5 Rb5+ 73.
Ka6 Rxb4) 67... Nd3 {[%eval -32763,0]} 68. h8=Q {[%eval -32765,0]} Rd2# 0-1

[Event "Kvika Reykjavik Open 2022"]
[Site "Reykjavik, Iceland"]
[Date "2022.04.09"]
[Round "5.34"]
[White "Baskin, Robert"]
[Black "Dietzsch, Herbert"]
[Result "1-0"]
[WhiteElo "2393"]
[BlackElo "2027"]
[PlyCount "53"]
[EventDate "2022.??.??"]

1. Nf3 {[%eval 29,0]} e6 {[%eval 2,0]} 2. g3 {[%eval 24,0]} Nf6 {[%eval 3,0]}
3. Bg2 {[%eval 37,0]} Be7 {[%eval 29,0]} 4. O-O {[%eval 29,0]} O-O {[%eval 2,0]
} 5. c4 {[%eval 33,0]} d5 {[%eval 5,0]} 6. d4 {[%eval 22,0]} c6 {[%eval 26,0]}
7. Qc2 {[%eval 21,0]} Re8 {[%eval 64,0]} 8. Nbd2 {[%eval 31,0]} Nbd7 $6 {
[%eval 96,0] Inaccuracy. b6 was best.} (8... b6 9. e4 Bb7 10. cxd5 exd5 11.
exd5 c5 12. dxc5 Bxc5 13. Nb3 Bf8 14. d6 Bxd6 15. Rd1) 9. e4 {[%eval 94,0]}
dxe4 {[%eval 94,0]} 10. Nxe4 {[%eval 91,0]} Nxe4 {[%eval 9,0]} 11. Qxe4 {
[%eval 67,0]} Bf6 $6 {[%eval 161,0] Inaccuracy. e5 was best.} (11... e5 12.
Nxe5 Nxe5 13. dxe5 Qb6 14. b3 Bc5 15. Bb2 a5 16. Bc3 Be6 17. Qf4 Red8 18. Rad1)
12. Bf4 $6 {[%eval 85,0] Inaccuracy. Rd1 was best.} (12. Rd1) 12... Nf8 $6 {
[%eval 174,0] Inaccuracy. c5 was best.} (12... c5 13. dxc5 Nxc5 14. Qe3 e5 15.
Bxe5 Bxe5 16. Nxe5 Qc7 17. Rae1 f6 18. Bd5+ Be6 19. Nc6) 13. Be5 {[%eval 161,0]
} Bd7 {[%eval 195,0]} 14. Rfd1 {[%eval 158,0]} Rc8 {[%eval 194,0]} 15. c5 {
[%eval 222,0]} Ng6 {[%eval 253,0]} 16. h4 {[%eval 272,0]} Bxe5 $6 {[%eval 400,
0] Inaccuracy. Be7 was best.} (16... Be7 17. b4 Rf8 18. h5 f5 19. Qd3 Nxe5 20.
dxe5 Rc7 21. Qb3 Qe8 22. Rd3 Bc8 23. Nd4) 17. dxe5 {[%eval 373,0]} Ne7 {
[%eval 451,0]} 18. Ng5 {[%eval 406,0]} g6 $6 {[%eval 559,0] Inaccuracy. Ng6
was best.} (18... Ng6 19. Rd3 f5 20. exf6 gxf6 21. Nxh7 f5 22. Qd4 Kxh7 23.
Qxd7+ Qe7 24. Re1 Nf8 25. Qd6) 19. Qf3 {[%eval 471,0]} Rf8 {[%eval 466,0]} 20.
Ne4 {[%eval 386,0]} Nd5 {[%eval 389,0]} 21. h5 {[%eval 401,0]} Qe7 {[%eval 396,
0]} 22. Nf6+ {[%eval 348,0]} Kg7 {[%eval 361,0]} 23. Nxd7 {[%eval 746,0]} Qxd7
{[%eval 784,0]} 24. Qf6+ {[%eval 743,0]} Kh6 {[%eval 1266,0]} 25. Bxd5 {
[%eval 800,0]} exd5 $2 {[%eval 32756,0] Checkmate is now unavoidable. Qd8 was
best.} (25... Qd8 26. Be4) 26. Qf4+ {[%eval 32758,0]} Kxh5 {[%eval 32766,0]}
27. Qh4# 1-0

[Event "Kvika Reykjavik Open 2022"]
[Site "Reykjavik, Iceland"]
[Date "2022.04.09"]
[Round "5.35"]
[White "Olesen, Poul Erik Norgaard"]
[Black "Vardaan, Nagpal"]
[Result "0-1"]
[WhiteElo "2010"]
[BlackElo "2372"]
[PlyCount "122"]
[EventDate "2022.??.??"]

1. e4 {[%eval 33,0]} e5 {[%eval 12,0]} 2. Bc4 {[%eval 9,0]} Nf6 {[%eval 0,0]}
3. d3 {[%eval 0,0]} c6 {[%eval 0,0]} 4. Bb3 {[%eval 1,0]} d5 {[%eval 1,0]} 5.
Nd2 $6 {[%eval 54,0] Inaccuracy. Nf3 was best.} (5. Nf3 a5 6. a4 Bb4+ 7. c3 Bd6
8. O-O O-O 9. Re1 dxe4) 5... a5 {[%eval 53,0]} 6. c3 {[%eval 52,0]} Bd6 {
[%eval 46,0]} 7. Ngf3 {[%eval 39,0]} O-O {[%eval 57,0]} 8. O-O {[%eval 39,0]}
Nbd7 {[%eval 63,0]} 9. Re1 {[%eval 37,0]} Re8 {[%eval 5,0]} 10. Nf1 {[%eval 65,
0]} h6 {[%eval 48,0]} 11. Ng3 {[%eval 56,0]} Nf8 {[%eval 79,0]} 12. Nh4 {
[%eval 82,0]} dxe4 {[%eval 55,0]} 13. dxe4 {[%eval 65,0]} Bc5 {[%eval 76,0]}
14. Be3 {[%eval 67,0]} Bxe3 {[%eval 91,0]} 15. Rxe3 {[%eval 87,0]} Qxd1+ {
[%eval 99,0]} (15... Qd5 16. Qd2 Qxd2 17. Rd1) 16. Rxd1 {[%eval -99,0]} a4 {
[%eval 89,0]} 17. Bc4 {[%eval -99,0]} Be6 {[%eval 99,0]} 18. Bxe6 {[%eval -84,
0]} Nxe6 {[%eval 95,0]} 19. f3 {[%eval 54,0]} g6 {[%eval 32,0]} 20. Re2 $6 {
[%eval 96,0] Inaccuracy. Red3 was best.} (20. Red3) 20... Red8 {[%eval 65,0]}
21. Red2 {[%eval 79,0]} Rxd2 {[%eval 81,0]} 22. Rxd2 {[%eval 69,0]} Kf8 {
[%eval 69,0]} 23. Kf2 {[%eval 68,0]} Ke7 {[%eval 56,0]} 24. Ne2 $6 {[%eval -59,
0] Inaccuracy. Nf1 was best.} (24. Nf1 Nc5 25. Ke2 Ne8 26. Ne3 Nd6 27. g3 h5
28. Nhg2 Ke6 29. Ne1 f5 30. Nd3 Nxd3) 24... Nd7 $6 {[%eval 5,0] Inaccuracy.
Nc5 was best.} (24... Nc5) 25. g3 {[%eval 5,0]} Nb6 {[%eval 5,0]} 26. Ng2 {
[%eval 59,0]} Nc4 {[%eval 45,0]} 27. Rc2 {[%eval 44,0]} Nc5 {[%eval 44,0]} 28.
Nc1 {[%eval 58,0]} Rd8 {[%eval 59,0]} 29. Ne3 {[%eval 7,0]} Nxe3 {[%eval 67,0]}
30. Kxe3 {[%eval 66,0]} Rd1 {[%eval 68,0]} 31. b4 {[%eval 72,0]} Ne6 $6 {
[%eval 18,0] Inaccuracy. Nd7 was best.} (31... Nd7 32. Nd3 Ra1 33. c4 g5 34. c5
h5 35. Kd2 h4 36. Nc1 g4 37. fxg4 hxg3 38. hxg3) 32. Nd3 {[%eval 22,0]} f6 {
[%eval 8,0]} 33. Nb2 {[%eval 15,0]} Re1+ {[%eval 2,0]} 34. Re2 $6 {[%eval 37,0]
Inaccuracy. Kf2 was best.} (34. Kf2 Rh1 35. Kg2 Ra1 36. Nxa4 Kd7 37. Nb6+ Kc7
38. Nc4 b5 39. Ne3 h5 40. Kf2 Ng5) 34... Rc1 {[%eval 45,0]} 35. Nxa4 {[%eval 2,
0]} (35. Nd1) 35... b5 {[%eval 27,0]} 36. Kd2 {[%eval 28,0]} Ra1 {[%eval 37,0]}
37. Nc5 {[%eval 27,0]} Nxc5 {[%eval 26,0]} 38. bxc5 {[%eval 2,0]} Rxa2+ {
[%eval 23,0]} 39. Kd3 {[%eval 27,0]} Ra4 {[%eval 25,0]} 40. Rc2 {[%eval 28,0]}
Ra3 {[%eval 2,0]} 41. Rb2 {[%eval 48,0]} Ke6 {[%eval 18,0]} 42. Kc2 {[%eval 33,
0]} f5 {[%eval 18,0]} 43. Rb3 {[%eval 64,0]} Ra7 {[%eval 17,0]} 44. Rb1 {
[%eval 12,0]} Ra2+ {[%eval 19,0]} 45. Kb3 {[%eval 14,0]} Ra4 {[%eval 13,0]} 46.
Rd1 {[%eval 11,0]} fxe4 {[%eval 13,0]} 47. fxe4 {[%eval 41,0]} Rxe4 {[%eval 58,
0]} 48. Rd6+ {[%eval 44,0]} Kf5 {[%eval 53,0]} 49. Rxc6 {[%eval 55,0]} Rc4 {
[%eval 58,0]} 50. Rc8 {[%eval 92,0]} Ke4 {[%eval 42,0]} 51. c6 {[%eval 77,0]}
Ke3 $6 {[%eval 0,0] Inaccuracy. Kf3 was best.} (51... Kf3 52. Rf8+ Kg2 53. Rf6
g5 54. Rxh6 g4 55. Rh4 Kf3 56. Rh6 e4 57. Rf6+ Ke2 58. Rf4) 52. c7 {[%eval 0,0]
} e4 {[%eval 0,0]} 53. Rg8 $4 {[%eval -159,0] Blunder. g4 was best.} (53. g4 g5
54. h3 Ke2 55. Re8 Rxc7 56. Rxe4+ Kf3 57. Re6 Rh7 58. Re5 Kg2 59. Re3 Rd7)
53... Rxc7 {[%eval -171,0]} 54. Rxg6 {[%eval -197,0]} Kd2 $6 {[%eval 95,0]
Inaccuracy. Rd7 was best.} (54... Rd7) 55. Rd6+ {[%eval -100,0]} Ke2 {[%eval
-92,0]} 56. Rd5 $4 {[%eval -263,0] Blunder. Rxh6 was best.} (56. Rxh6 e3) 56...
e3 {[%eval -117,0]} 57. Rxb5 {[%eval -272,0]} Rf7 {[%eval -297,0]} 58. Re5 {
[%eval -399,0]} Kf2 {[%eval -373,0]} 59. c4 {[%eval -338,0]} e2 {[%eval -467,0]
} 60. c5 {[%eval -497,0]} Rf3+ {[%eval -658,0]} 61. Kc4 {[%eval -654,0]} Re3 {
[%eval -645,0]} 0-1

[Event "Kvika Reykjavik Open 2022"]
[Site "Reykjavik, Iceland"]
[Date "2022.04.09"]
[Round "5.36"]
[White "Rice, Chris B"]
[Black "Hedman, Erik"]
[Result "0-1"]
[WhiteElo "1989"]
[BlackElo "2362"]
[PlyCount "66"]
[EventDate "2022.??.??"]

1. b3 {[%eval 0,0]} Nf6 {[%eval 13,0]} 2. Bb2 {[%eval 5,0]} g6 {[%eval 13,0]}
3. Bxf6 $6 {[%eval 41,0] Inaccuracy. c4 was best.} (3. c4 Bg7 4. g3 O-O 5. Nf3
b6 6. Bg2 Bb7 7. Nc3 e6) 3... exf6 {[%eval 18,0]} 4. c4 {[%eval 27,0]} d5 {
[%eval 26,0]} 5. cxd5 {[%eval 42,0]} Qxd5 {[%eval 48,0]} 6. Nc3 {[%eval 34,0]}
Qd8 {[%eval 46,0]} 7. g3 {[%eval 5,0]} c6 {[%eval 52,0]} 8. Bg2 {[%eval 56,0]}
Ba3 {[%eval 73,0]} 9. Qc2 {[%eval -100,0]} O-O {[%eval 74,0]} 10. Nf3 {[%eval
87,0]} Bf5 {[%eval 63,0]} 11. d3 {[%eval 49,0]} Re8 {[%eval 65,0]} 12. O-O {
[%eval 74,0]} Qd7 {[%eval 26,0]} 13. Nd2 {[%eval 26,0]} Bh3 {[%eval 37,0]} 14.
Nce4 {[%eval 65,0]} Be7 {[%eval 7,0]} 15. Qc3 $4 {[%eval -243,0] Blunder. Nf3
was best.} (15. Nf3 Na6) 15... Bxg2 {[%eval -209,0]} 16. Kxg2 {[%eval -225,0]}
f5 {[%eval -226,0]} 17. Nf6+ {[%eval -258,0]} Bxf6 {[%eval -228,0]} 18. Qxf6 {
[%eval -236,0]} Qd5+ $4 {[%eval -94,0] Blunder. Rxe2 was best.} (18... Rxe2 19.
Nf3) 19. Kg1 $4 {[%eval -398,0] Blunder. e4 was best.} (19. e4) 19... Nd7 {
[%eval -365,0]} 20. Qc3 {[%eval -379,0]} Rxe2 {[%eval -361,0]} 21. Rfe1 {
[%eval -334,0]} Rae8 {[%eval -336,0]} 22. Rxe2 {[%eval -331,0]} Rxe2 {[%eval
-331,0]} 23. Nc4 {[%eval -416,0]} b5 $6 {[%eval -385,0] Inaccuracy. Nc5 was
best.} (23... Nc5 24. Ne3 Qf3 25. Rf1 Ne6 26. Ng2 Qd5 27. Qb4 b6 28. a4 c5 29.
Nf4 Qf3 30. Nxe2) 24. Ne3 {[%eval -371,0]} Qf3 {[%eval -291,0]} 25. Rf1 {
[%eval -374,0]} Rxa2 {[%eval -342,0]} 26. Nc2 {[%eval -312,0]} Qe2 $6 {[%eval
-214,0] Inaccuracy. c5 was best.} (26... c5 27. Re1) 27. Nb4 {[%eval -245,0]}
Rd2 {[%eval -399,0]} 28. Nxc6 {[%eval -309,0]} Rxd3 {[%eval -342,0]} 29. Qa1 {
[%eval -449,0]} Rd2 $6 {[%eval -221,0] Inaccuracy. Qe4 was best.} (29... Qe4
30. Rc1) 30. b4 {[%eval -393,0]} f4 {[%eval -328,0]} 31. Qc3 {[%eval -305,0]}
Rc2 {[%eval -312,0]} 32. Qd4 {[%eval -491,0]} f3 {[%eval -661,0]} 33. h4 $2 {
[%eval -32761,0] Checkmate is now unavoidable. Rd1 was best.} (33. Rd1 h5)
33... Qxf1+ {[%eval -32763,0]} 0-1

[Event "Kvika Reykjavik Open 2022"]
[Site "Reykjavik, Iceland"]
[Date "2022.04.09"]
[Round "5.37"]
[White "Kolbus, Dietmar"]
[Black "Moerman, Thomas"]
[Result "1-0"]
[WhiteElo "2312"]
[BlackElo "2022"]
[PlyCount "85"]
[EventDate "2022.??.??"]

1. c4 {[%eval 23,0]} Nf6 {[%eval 29,0]} 2. Nf3 {[%eval 25,0]} e6 {[%eval 22,0]}
3. g3 {[%eval 13,0]} d5 {[%eval 23,0]} 4. Bg2 {[%eval 9,0]} Be7 {[%eval 3,0]}
5. O-O {[%eval 22,0]} O-O {[%eval 5,0]} 6. b3 {[%eval 0,0]} c5 {[%eval 24,0]}
7. cxd5 {[%eval 21,0]} Nxd5 {[%eval 23,0]} 8. Bb2 {[%eval 41,0]} Bf6 {[%eval
45,0]} 9. Qc1 {[%eval 12,0]} Qe7 {[%eval 54,0]} 10. Nc3 {[%eval 65,0]} Nxc3 {
[%eval 58,0]} 11. Bxc3 {[%eval 35,0]} Bxc3 {[%eval 71,0]} 12. Qxc3 {[%eval 76,
0]} Nc6 {[%eval 94,0]} 13. Rac1 {[%eval 89,0]} (13. Rab1) 13... b6 {[%eval 101,
0]} 14. d4 {[%eval 84,0]} Nb4 {[%eval 87,0]} 15. Qb2 {[%eval 75,0]} cxd4 {
[%eval 87,0]} 16. Nxd4 {[%eval 79,0]} Bb7 {[%eval 85,0]} 17. Bxb7 {[%eval 96,0]
} Qxb7 {[%eval 78,0]} 18. Rc4 {[%eval 92,0]} Nd5 {[%eval 78,0]} 19. Rfc1 {
[%eval 97,0]} Rac8 {[%eval 112,0]} 20. Nc6 {[%eval 118,0]} b5 {[%eval 161,0]}
21. Rc5 {[%eval 104,0]} b4 {[%eval 162,0]} 22. a3 $6 {[%eval 76,0] Inaccuracy.
R1c4 was best.} (22. R1c4 Nb6 23. Rc2 Nd5 24. Qe5 h6 25. R5c4 Kh8 26. Qd6 Qb6
27. Qc5 Qxc5 28. Rxc5 Rc7) 22... Nc3 $6 {[%eval 105,0] Inaccuracy. bxa3 was
best.} (22... bxa3) 23. axb4 {[%eval 106,0]} Rxc6 {[%eval 159,0]} 24. Rxc6 {
[%eval 132,0]} Qxc6 {[%eval 128,0]} 25. Qxc3 {[%eval 112,0]} Qb7 $6 {[%eval
172,0] Inaccuracy. Qxc3 was best.} (25... Qxc3 26. Rxc3 Rb8 27. Rc4 g5 28. f3
f5 29. Kf2 Kf7 30. Ke3 Kf6 31. Kd4 Rb5 32. Rc7) 26. Qc5 {[%eval 142,0]} h6 {
[%eval 137,0]} 27. f3 {[%eval 104,0]} Rb8 {[%eval 171,0]} 28. Rc4 {[%eval 154,
0]} Qa6 {[%eval 158,0]} 29. Qc7 {[%eval 154,0]} Rb7 {[%eval 184,0]} 30. Qd8+ {
[%eval 159,0]} Kh7 {[%eval 154,0]} 31. Qd3+ {[%eval 154,0]} g6 {[%eval 141,0]}
32. Qd4 {[%eval 174,0]} Qb6 {[%eval 107,0]} 33. Qxb6 {[%eval 146,0]} axb6 $2 {
[%eval 267,0] Mistake. Rxb6 was best.} (33... Rxb6) 34. b5 {[%eval 206,0]} Kg7
{[%eval 262,0]} 35. Kf2 {[%eval 235,0]} Kf6 {[%eval 249,0]} 36. Ke3 {[%eval
217,0]} Ke5 {[%eval 245,0]} 37. Rc6 {[%eval 208,0]} Kd5 {[%eval 266,0]} 38. f4
$6 {[%eval 203,0] Inaccuracy. Kf4 was best.} (38. Kf4 Kd4) 38... Ra7 $4 {
[%eval 624,0] Blunder. g5 was best.} (38... g5 39. Kd3) 39. Kd3 {[%eval 556,0]}
f5 {[%eval 629,0]} 40. Rxb6 {[%eval 602,0]} Ra3 {[%eval 732,0]} 41. Kc3 {
[%eval 761,0]} Ra2 {[%eval 753,0]} 42. Rc6 {[%eval 758,0]} Rxe2 {[%eval 762,0]}
43. Rc8 {[%eval 706,0]} 1-0